00549cam a2200181 a 4500008004100000020002500041100001900066245005500085250001200140260007000152300004600222500002000268504004100288650001100329003000100340005001700341040000900358  a9780521133586 (pbk.)1 aThomas, Peter.10aTrees :btheir natural history /cPeter A. Thomas. a2nd ed. aCambridge, U.K. ;aNew York :bCambridge University Press,c2014. ax, 401 p. :bill. (chiefly col.) ;c25 cm aIncludes index. aIncludes bibliographical references. 0aTrees.20231110154203.0 cNUST